| 000 | 01175nam a2200313 a 4500 | ||
|---|---|---|---|
| 001 | 000107742 | ||
| 003 | CHAP | ||
| 005 | 20220817044547.0 | ||
| 008 | 131028s2006 mx bd |r| |||1|||spa d | ||
| 010 | _a104204 | ||
| 011 | _a105176 | ||
| 020 | _a9703106374 | ||
| 040 | _cCHAP | ||
| 082 | 0 | 4 |
_a333.9117 _bA11 |
| 245 | 0 | 0 |
_aAgua : _bSeguridad Nacional e Instituciones Conflictos y riesgos para el diseño de las políticas públicas / _cCoordinado por Roberto M. Constantino Toto. |
| 260 |
_aMéxico : _bSenado de la República LIX Legislatura _bInstituto de Investigaciones Legislativas _bUniversidad Autónoma Metropolitana. Unidad Xochimilco, _c2006. |
||
| 300 | _a687p. | ||
| 590 |
_aBATCH-UPD _b05 _c20131028 _lUCH01 _h1426 |
||
| 590 |
_aE5652GLJ _b05 _c20131028 _lUCH01 _h1425 |
||
| 650 | 1 | 4 |
_aAgua _xLeyes _xMéxico. _92387 |
| 650 | 1 | 4 |
_aAgua _xUtilización. _92401 |
| 700 | 1 |
_aConstantino Toto, Roberto M. _9124471 |
|
| 710 | 0 | _aUniversidad Autónoma Metropolitana. Unidad Xochimilco. | |
| 710 | 1 |
_aMéxico _bInstituto de Investigaciones Legislativas _9124474 |
|
| 710 | 2 |
_aMéxico _bSenado de la República _976641 |
|
| 901 | _aBK | ||
| 942 | _cLIBRO | ||
| 942 | _n0 | ||
| 999 |
_c104204 _d104204 |
||